000 00520pab a2200145 454500
008 180718b2004 xxu||||| |||| 00| 0 eng d
100 _aKikuchi, Ryunosuke
245 _aThe possibility of combining solutions to air pollution with policies for social improvement through transformation of SOx and NOx into fertilizer: data obtained from the Szechwan project
260 _c2004
300 _ap.240-62.
362 _aSep
650 _aAir pollution
773 _aJournal of Environment and Development
909 _a62390
999 _c62390
_d62390